Islands of the Azores on a Map - Statistics

General Stats
  • This quiz has been taken 69 times
  • The average score is 7 of 9
Answers on the Map
Answers color-coded by a green-red scale on the quiz's map according to % correct below.
 
Answer Stats
Island % Correct
São Miguel
91%
Terceira
84%
Pico
82%
Santa Maria
82%
Flores
80%
Corvo
73%
São Jorge
73%
Faial
69%
Graciosa
64%
No matching quizzes found
Score Distribution
Percent of People with Each Score
Percentile by Number Answered
Your Score History
You have not taken this quiz